Loading...

The money Game :How it is played in share markets

Bibliographic Details
Main Author: Ram K. Piparaiya
Format: Printed Book
Language:Undetermined
Published: Bombay 1981
IBH Publishing Company
Subjects:
LEADER 00604nam a2200205Ia 4500
008 141122s9999 xx 000 0 und d
040 |c . 
041 |a English 
082 |a 332.6327 
082 |b RAM/MO 
100 |a Ram K. Piparaiya 
245 |c Ram K. Piparaiya 
245 4 |a The money Game :How it is played in share markets 
260 |b Bombay 
260 |b IBH Publishing Company  
260 |c 1981 
650 |a Extension 
942 |c BK 
999 |c 18999  |d 18999 
952 |0 0  |1 0  |4 0  |6 332_632700000000000_RAMMO  |7 0  |9 18662  |a COVAS  |b COVAS  |d 0000-00-00  |o 332.6327 RAM/MO  |p 11765  |r 2014-11-26  |w 2014-11-26  |y BK